000 00477 a2200169 4500
022 _a9788183333627
082 _a005.133
090 _c7122
_d7122
100 _aKanetkar, Yashavant P.
245 _aData structures through C solutions
_cYashavant P. Kanetkar
250 _a2nd ed
260 _aNew Delhi
_bBPB Publications
_c2010
300 _a201 p.
650 _aC (Computer program language)--Data structures
700 _aYashavant P. Kanetkar
942 _cBK
_k005.133 KAN
999 _c10926
_d10926